| 000 | 02761nam a2200349 4500 | ||
|---|---|---|---|
| 001 | ESSALUD | ||
| 005 | 20260703163126.0 | ||
| 007 | ta | ||
| 008 | t pe ||||| |||| 00| 0 spa d | ||
| 040 | _aBMG | ||
| 041 | _aspa | ||
| 100 |
_aLara Arnao, Ruth _eAutor _953314 |
||
| 245 | _aEl retiro de confianza frente a la protección laboral de la trabajadora gestante | ||
| 246 | _aWithdrawal of trust in relation to the labor protection of pregnant workers | ||
| 300 | _apáginas 127-144 | ||
| 520 | _aEn el presente trabajo la autora analiza la relación entre el retiro de confianza y la protección reforzada de la trabajadora gestante a partir de la sentencia del Tribunal Constitucional recaída en el Expediente Nº 00297-2020-PA/TC. El estudio examina los límites del retiro de confianza cuando su aplicación puede encubrir actos de discriminación por razón de embarazo. Asimismo, se revisa el marco normativo y jurisprudencial relativo al despido nulo por gestación y la carga probatoria del empleador para acreditar una causa objetiva distinta al estado de gravidez. Se concluye que la protección constitucional de la maternidad prevalece incluso frente a cargos de confianza cuando el cese carece de justificación objetiva. | ||
| 520 | _aIn this paper, the author analyzes the relationship between the withdrawal of trust and the reinforced protection afforded to pregnant workers, based on the judgment issued by the Constitutional Court in Case No. 00297-2020-PA/TC. The study examines the limits of the withdrawal of trust when its application may canceal acts of discrimination on the grounds of pregnancy. lt also reviews the regulatory and jurisprudential framework concerning null dismissal due to pregnancy and the employer's burden of proof to demonstrate an objective cause unrelated to the worker's condition of pregnancy. lt is cancluded that the constitutional protection of maternity prevails even in positions of trust when the termination locks objective justification. | ||
| 650 |
_aDESPIDO NULO _953149 |
||
| 650 |
_aRETIRO DE CONFIANZA _953315 |
||
| 650 |
_aNO DISCRIMINACIÓN LABORAL _953316 |
||
| 650 |
_aPROTECCIÓN DE LA MATERNIDAD _953317 |
||
| 650 |
_aJURISPRUDENCIA CONSTITUCIONAL _953318 |
||
| 650 |
_aTRABAJADORA GESTANTE _953319 |
||
| 650 |
_aNULL DISMISSOL _953320 |
||
| 650 |
_aPREGNONT WORKER _953321 |
||
| 650 |
_aWITHDROWOL OF TRUST _953322 |
||
| 650 |
_aNON-DISCRIMINOTION IN EMPLOYMENT _953323 |
||
| 650 |
_aMATERNITY PROTECTION _953324 |
||
| 650 |
_aCONSTITUTIONOL JURISPRUDENCE _953325 |
||
| 773 | 0 |
_022614 _922626 _dLima Grupo Praxis Formación Profesional, 2026- _oPRALAB002 _tPraxis Laboral & Procesal Laboral _wESSALUD _x3119-768X |
|
| 942 |
_cARTICULOS _e2026-07-02 _zSQB |
||
| 999 |
_c22647 _d22647 |
||